Statistics for World Leaders Quiz #1

Click here to take the quiz!

General Stats

  • This quiz has been taken 84,337 times
    (9,667 since last reset)
  • The average score is 19 of 34

Answer Stats

PositionYearsLeader% Correct
U.S. President2009–2017Barack Obama
99%
U.S. President2017–2021Donald Trump
99%
U.S. President2021–Joe Biden
99%
North Korean leader2011–Kim Jong–un
91%
Russian leader
(de–facto)
2000–Vladimir Putin
91%
British P.M.2019–2022Boris Johnson
89%
Canadian P.M.2015–Justin Trudeau
87%
German Chancellor2005–2021Angela Merkel
86%
French President2017–Emmanuel Macron
85%
Cuban leader1959–2011Fidel Castro
80%
Chinese leader2012–Xi Jinping
76%
South African President1994–1999Nelson Mandela
75%
British P.M.1997–2007Tony Blair
68%
Israeli P.M.
2009–2021,
2022–
Benjamin Netanyahu
66%
British P.M.2022–Rishi Sunak
65%
Russian President1991–1999Boris Yeltsin
56%
Indian P.M.2014–Narendra Modi
52%
Japanese P.M.2006–2007
2012–2020
Shinzō Abe
52%
Italian P.M.2001–2006
2008–2011
Silvio Berlusconi
51%
Syrian leader2000–Bashar al–Assad
48%
Zimbabwean leader1987–2017Robert Mugabe
48%
German Chancellor2021–Olaf Scholz
47%
French President2007–2012Nicolas Sarkozy
43%
French President1995–2007Jacques Chirac
35%
Italian P.M.2022–Giorgia Meloni
33%
Iranian
Supreme Leader
1989–Ali Khamenei
26%
South African President2009–2018Jacob Zuma
26%
Mexican President2018–Andrés Manuel
López Obrador
25%
German Chancellor1998–2005Gerhard Schröder
25%
Canadian P.M.2006–2015Stephen Harper
23%
Australian P.M.2022–Anthony Albanese
22%
Mexican President2000–2006Vicente Fox
21%
Afghan President2004–2014Hamid Karzai
18%
Indian P.M.2004–2014Manmohan Singh
14%

Score Distribution

Percentile by Number Answered

Percent of People with Each Score

Your Score History

You have not taken this quiz since the last reset